Vaulting ambition : (Record no. 121503)
[ view plain ]
| 000 -LEADER | |
|---|---|
| fixed length control field | 00868cam a2200301 a 4500 |
| 001 - CONTROL NUMBER | |
| control field | 397053 |
| 003 - CONTROL NUMBER IDENTIFIER | |
| control field | ARRUPE |
| 005 - DATE AND TIME OF LATEST TRANSACTION | |
| control field | 20141212115229.0 |
| 008 - FIXED-LENGTH DATA ELEMENTS--GENERAL INFORMATION | |
| fixed length control field | 851017s1985 mau b 001 0 eng |
| 010 ## - LIBRARY OF CONGRESS CONTROL NUMBER | |
| LC control number | 85007229 |
| 020 ## - INTERNATIONAL STANDARD BOOK NUMBER | |
| International Standard Book Number | 0262111098 |
| 035 ## - SYSTEM CONTROL NUMBER | |
| System control number | (OCoLC)11971134 |
| 035 ## - SYSTEM CONTROL NUMBER | |
| System control number | (OCoLC)ocm11971134 |
| 035 ## - SYSTEM CONTROL NUMBER | |
| System control number | (CStRLIN)NYCG85-B99175 |
| 035 ## - SYSTEM CONTROL NUMBER | |
| System control number | (NNC)397053 |
| 040 ## - CATALOGING SOURCE | |
| Modifying agency | CStRLIN |
| Transcribing agency | DCL |
| 050 0# - LIBRARY OF CONGRESS CALL NUMBER | |
| Classification number | GN365.9 |
| Item number | .K58 1985 |
| 090 ## - LOCALLY ASSIGNED LC-TYPE CALL NUMBER (OCLC); LOCAL CALL NUMBER (OCLC) | |
| Classification number (OCLC) (R) ; Classification number, CALL (RLIN) (NR) | GN365.9 |
| Local cutter number (OCLC) ; Book number/undivided call number, CALL (RLIN) | .K58 1985 |
| 300 ## - PHYSICAL DESCRIPTION | |
| Dimensions | 24 cm. |
| 100 1# - MAIN ENTRY--PERSONAL NAME | |
| Personal name | Kitcher, Philip, |
| Dates associated with a name | 1947- |
| 9 (RLIN) | 13413 |
| 245 10 - TITLE STATEMENT | |
| Title | Vaulting ambition : |
| Remainder of title | sociobiology and the quest for human nature / |
| Statement of responsibility, etc | Philip Kitcher. |
| 260 ## - PUBLICATION, DISTRIBUTION, ETC. (IMPRINT) | |
| Place of publication, distribution, etc | Cambridge, Mass. : |
| Name of publisher, distributor, etc | MIT Press, |
| Date of publication, distribution, etc | c1985. |
| 300 ## - PHYSICAL DESCRIPTION | |
| Extent | xi, 456 p. ; |
| 500 ## - GENERAL NOTE | |
| General note | Includes index. |
| 504 ## - BIBLIOGRAPHY, ETC. NOTE | |
| Bibliography, etc | Bibliography: p. [439]-447. |
| 650 #0 - SUBJECT ADDED ENTRY--TOPICAL TERM | |
| Topical term or geographic name as entry element | Sociobiology. |
| 9 (RLIN) | 768 |
| 942 ## - ADDED ENTRY ELEMENTS (KOHA) | |
| Source of classification or shelving scheme | Library of Congress Classification |
| Koha item type | Monograph ( Printed materials) |
| Withdrawn status | Lost status | Source of classification or shelving scheme | Damaged status | Not for loan | Collection code | Home library | Current library | Shelving location | Date acquired | Total Checkouts | Full call number | Barcode | Date last seen | Price effective from | Koha item type |
|---|---|---|---|---|---|---|---|---|---|---|---|---|---|---|---|
| Library of Congress Classification | Main Collection | ARRUPE LIBRARY | ARRUPE LIBRARY | Main Collection | 12/12/2014 | GN365.9 .K58 1985 | 46500001138 | 09/04/2018 | 12/12/2014 | Monograph ( Printed materials) |